Länder, die mit D beginnen - Statistiken

Allgemein
  • Dieses Quiz wurde 119.252 mal gespielt
  • Das Durchschnittsergebnis liegt bei 4 aus 6
Antwortstatistiken
Land % Korrekt
Deutschland
96%
Dänemark
88%
Demokratische Republik {Kongo}
85%
Dominikanische Republik
58%
Dschibuti
56%
Dominica
46%
Keine übereinstimmenden Quizze gefunden
Verteilung der Resultate
Anzahl Personen mit jedem Resultat
Perzentil nach korrekt beantworteten Fragen
Ihre Resultats-Entwicklung
Sie haben dieses Quiz noch nicht gespielt